000 00592nam a2200217Ia 4500
005 20241129111330.0
008 241129s9999||||xx |||||||||||||| ||und||
020 _a9953-429-63-4
037 _aTB
040 _aCRL
_beng
_cCRL
041 _aara
_2ara
084 _aO28,6:g P4
_qCRL
100 _aKannas Mohammad Raji Au.
_9724106
245 0 _aKaif takutub
_cKannas Mohammad Raji Au.
260 _aBeirut, Lebanon
_bDarul muarfia
_c2020
300 _a158p.
365 _aINR
_b456
650 _aArabic Fiction
_964594
942 _cTB
_hO28,6:g P4
999 _c1229967
_d1229967